UM Logo

Self perceived on field study practices and students pre-services training motivation/ (Record no. 2192)

MARC details
000 -LEADER
fixed length control field 00581nam a22001577a 4500
008 - FIXED-LENGTH DATA ELEMENTS--GENERAL INFORMATION
fixed length control field 160430b xxu||||| |||| 00| 0 eng d
082 ## - DEWEY DECIMAL CLASSIFICATION NUMBER
Edition number 2013
Classification number UT 0455
Item number C13
100 ## - MAIN ENTRY--PERSONAL NAME
9 (RLIN) 7147
Personal name Gallego, Edgar A.
245 ## - TITLE STATEMENT
Title Self perceived on field study practices and students pre-services training motivation/
Statement of responsibility, etc. Edgar A. Gallego, Alea A. Misa and Kim Elfred Florida.
260 ## - PUBLICATION, DISTRIBUTION, ETC. (IMPRINT)
Place of publication, distribution, etc. Digos City:
Name of publisher, distributor, etc. UMDC
Date of publication, distribution, etc. October 2013.
300 ## - PHYSICAL DESCRIPTION
Extent 54 pages;
Dimensions 29 cm.
650 #0 - SUBJECT ADDED ENTRY--TOPICAL TERM
9 (RLIN) 7149
Topical term or geographic name as entry element Education
General subdivision Undergraduate thesis.
700 ## - ADDED ENTRY--PERSONAL NAME
9 (RLIN) 7150
Personal name Misa, Alea A.
700 ## - ADDED ENTRY--PERSONAL NAME
9 (RLIN) 7151
Personal name Florida, Kim Alfred.
942 ## - ADDED ENTRY ELEMENTS (KOHA)
Source of classification or shelving scheme Dewey Decimal Classification
Koha item type Undergraduate Thesis
Holdings
Withdrawn status Lost status Source of classification or shelving scheme Damaged status Not for loan Collection code Home library Current library Date acquired Total Checkouts Full call number Barcode Date last seen Price effective from Koha item type
    Dewey Decimal Classification     Undergraduate Theses UM Digos College - LIC UM Digos College - LIC 04/30/2016   UT 0455 C13 2013 UT0455 04/30/2016 04/30/2016 Undergraduate Thesis